00831 2200289 4500001002100000005001700021008004100038020002200079035002400101040001200125041000800137082001800145084001800163090001800181090002000199100001800219245006700237250001100304260003300315300003500348504003100383650003500414650004000449850001200489990001800501990002200519INLIS00000000002828820170617135140.0  a978-602-401-586-2 0010-061700000000196 aYOPDYOG0 aind042[23]a299.598 a299.598 Naw P a299.598 Naw P aDEP 303.4 Naw P0 aNAWARI ISMAIL0 aPerubahan sosial budaya komunitas : agama Damc/ Nawari Ismail aCet. 1 aYogyakartabDeepublishc2016 ax, 165 hlm.b: ilus.c; 25 cm. aBibliografi : hlm. 157-160 4aAgama dan sosiologizIndonesia 4akepercayaan, aliranxDamzIndonesia aYOPDYOG a54685-PD/A.17 aCB-D.11/2016-2049